<?xml version="1.0" encoding="UTF-8"?>
<collection xmlns="http://www.loc.gov/MARC21/slim">
    <record>
        <controlfield tag="001">79670</controlfield>
        <controlfield tag="005">20200629114350.0</controlfield>
        <datafield tag="024" ind1="7" ind2=" ">
            <subfield code="2">doi</subfield>
            <subfield code="a">10.2436/20.2500.01.269</subfield>
        </datafield>
        <datafield tag="024" ind1="8" ind2=" ">
            <subfield code="2">sideral</subfield>
            <subfield code="a">112538</subfield>
        </datafield>
        <datafield tag="037" ind1=" " ind2=" ">
            <subfield code="a">ART-2019-112538</subfield>
        </datafield>
        <datafield tag="041" ind1=" " ind2=" ">
            <subfield code="a">cat</subfield>
        </datafield>
        <datafield tag="100" ind1=" " ind2=" ">
            <subfield code="0">(orcid)0000-0003-4898-8794</subfield>
            <subfield code="a">Vázquez, Jesús</subfield>
            <subfield code="u">Universidad de Zaragoza</subfield>
        </datafield>
        <datafield tag="245" ind1=" " ind2=" ">
            <subfield code="a">Toponímia de la Ribagorça. Crònica d’un projecte</subfield>
        </datafield>
        <datafield tag="260" ind1=" " ind2=" ">
            <subfield code="c">2019</subfield>
        </datafield>
        <datafield tag="506" ind1="0" ind2=" ">
            <subfield code="a">Access copy available to the general public</subfield>
            <subfield code="f">Unrestricted</subfield>
        </datafield>
        <datafield tag="520" ind1="3" ind2=" ">
            <subfield code="a">Aquest projecte es va començar a dissenyar a finals dels anys 70 del segle passat. La primera pedra va ser un fitxer de toponímia de la Ribagorça que el doctor Francisco Marsá va encarregar a qui aleshores era el seu ajudant de càtedra, Xavier Terrado. El professor Enric Moreu-Rei va assabentarse d’aquest treball i en va donar notícia en un d’aquells fulls ciclostilats que van acabar per convertir-se en el Butlletí Interior de la Societat d’Onomàstica. En la dècada següent Joan Coromines va associar en Xavier Terrado a l’obra de l’Onomasticon Cataloniae i li va encomanar la revisió de les cèdules que contenien la informació toponímica de la zona del Pirineu. També va deixar en les seves mans les comprovacions sobre el terreny, l’aportació de noves dades documentals i fins i tot la redacció d’un bon nombre d’articles. Un cop finalitzat el compromís amb l’Onomasticon, Xavier Terrado va decidir d’aprofundir en l’estudi del territori ribagorçà i va proposar al professor Jesús Vázquez Obrador, expert aragonesista de la Universitat de Saragossa, de codirigir un equip i un projecte. L’objectiu era la recopilació i l’estudi de tota la toponímia de l’antic comtat de Ribagorça (...)</subfield>
        </datafield>
        <datafield tag="536" ind1=" " ind2=" ">
            <subfield code="9">info:eu-repo/grantAgreement/ES/MEC/PS94-0208</subfield>
            <subfield code="9">info:eu-repo/grantAgreement/ES/MINECO/BFF2000-1289</subfield>
        </datafield>
        <datafield tag="540" ind1=" " ind2=" ">
            <subfield code="9">info:eu-repo/semantics/openAccess</subfield>
            <subfield code="a">by-nc-nd</subfield>
            <subfield code="u">http://creativecommons.org/licenses/by-nc-nd/3.0/es/</subfield>
        </datafield>
        <datafield tag="592" ind1=" " ind2=" ">
            <subfield code="a">0.13</subfield>
            <subfield code="b">2019</subfield>
        </datafield>
        <datafield tag="593" ind1=" " ind2=" ">
            <subfield code="a">Linguistics and Language</subfield>
            <subfield code="c">2019</subfield>
            <subfield code="d">Q3</subfield>
        </datafield>
        <datafield tag="593" ind1=" " ind2=" ">
            <subfield code="a">Language and Linguistics</subfield>
            <subfield code="c">2019</subfield>
            <subfield code="d">Q3</subfield>
        </datafield>
        <datafield tag="655" ind1=" " ind2="4">
            <subfield code="a">info:eu-repo/semantics/article</subfield>
            <subfield code="v">info:eu-repo/semantics/publishedVersion</subfield>
        </datafield>
        <datafield tag="700" ind1=" " ind2=" ">
            <subfield code="a">Terrado, Xavier</subfield>
        </datafield>
        <datafield tag="700" ind1=" " ind2=" ">
            <subfield code="a">Francino, Glòria</subfield>
        </datafield>
        <datafield tag="700" ind1=" " ind2=" ">
            <subfield code="a">Martín de las Pueblas, Jesús</subfield>
        </datafield>
        <datafield tag="700" ind1=" " ind2=" ">
            <subfield code="a">Rizos, Carlos</subfield>
        </datafield>
        <datafield tag="700" ind1=" " ind2=" ">
            <subfield code="a">Selfa, Moisés</subfield>
        </datafield>
        <datafield tag="710" ind1="2" ind2=" ">
            <subfield code="1">3010</subfield>
            <subfield code="2">567</subfield>
            <subfield code="a">Universidad de Zaragoza</subfield>
            <subfield code="b">Dpto. Lingüíst. Gral. e Hisp.</subfield>
            <subfield code="c">Área Lengua Española</subfield>
        </datafield>
        <datafield tag="773" ind1=" " ind2=" ">
            <subfield code="g">41 (2019), 341-348</subfield>
            <subfield code="p">Estud. rom.</subfield>
            <subfield code="t">Estudis romànics</subfield>
            <subfield code="x">0211-8572</subfield>
        </datafield>
        <datafield tag="856" ind1="4" ind2=" ">
            <subfield code="s">170143</subfield>
            <subfield code="u">http://zaguan.unizar.es/record/79670/files/texto_completo.pdf</subfield>
            <subfield code="y">Versión publicada</subfield>
        </datafield>
        <datafield tag="856" ind1="4" ind2=" ">
            <subfield code="s">50743</subfield>
            <subfield code="u">http://zaguan.unizar.es/record/79670/files/texto_completo.jpg?subformat=icon</subfield>
            <subfield code="x">icon</subfield>
            <subfield code="y">Versión publicada</subfield>
        </datafield>
        <datafield tag="909" ind1="C" ind2="O">
            <subfield code="o">oai:zaguan.unizar.es:79670</subfield>
            <subfield code="p">articulos</subfield>
            <subfield code="p">driver</subfield>
        </datafield>
        <datafield tag="951" ind1=" " ind2=" ">
            <subfield code="a">2020-06-29-11:25:05</subfield>
        </datafield>
        <datafield tag="980" ind1=" " ind2=" ">
            <subfield code="a">ARTICLE</subfield>
        </datafield>
    </record>

    
</collection>